Countries by Pairs of Bordering Countries - Statistics

General Stats
  • This quiz has been taken 13 times
    10 since last reset
  • The average score is 25 of 27
Answer Stats
Hint Answer % Correct
France, Spain Andorra
100%
Hungary, Switzerland Austria
100%
Bolivia, Venezuela Brazil
100%
Serbia, Turkey Bulgaria
100%
Denmark, Netherlands Germany
100%
Indonesia, Thailand Malaysia
100%
Guatemala, United States Mexico
100%
Saudi Arabia, United Arab Emirates Oman
100%
Iran, India Pakistan
100%
Chile, Ecuador Peru
100%
North Korea, Norway Russia
100%
Poland, Romania Ukraine
100%
Nigeria, Sudan Chad
89%
Afghanistan, Myanmar China
89%
Nicaragua, Panama Costa Rica
89%
Israel, Libya Egypt
89%
Kuwait, Syria Iraq
89%
Somalia, Uganda Kenya
89%
Morocco, Senegal Mauritania
89%
Angola, Gabon Republic of the Congo
89%
Croatia, Italy Slovenia
89%
Cameroon, South Sudan Central African Republic
78%
Burkina Faso, Liberia Côte d’Ivoire
78%
Mali, Sierra Leone Guinea
78%
Eswatini, Malawi Mozambique
78%
Kazakhstan, Turkmenistan Uzbekistan
78%
Namibia, Tanzania Zambia
67%
No matching quizzes found
Score Distribution
Percent of People with Each Score
Percentile by Number Answered
Your Score History
You have not taken this quiz since the last reset